Statistics for French vocabulary - Sports

Click here to take the quiz!

General Stats

  • This quiz has been taken 41 times
  • The average score is 9 of 20

Answer Stats

HintAnswer% Correct
EquipeTeam
89%
GagnerTo win
86%
MatchGame
77%
NatationSwimming
77%
Mi-tempsHalf time
69%
Carton jauneYellow card
66%
ArbitreReferee
63%
Gardien de butsGoalkeeper
54%
Salle de sportGym
46%
FauteFoul
43%
ProlongationsOvertime
43%
Match nulDraw
34%
S'échaufferTo warm up
34%
Hors jeuOffside
29%
RemplacantSubstitute
29%
S'entrainerTo practice
29%
PanierBasket
26%
AttaquantStriker
20%
HaltèresDumbbells
11%
EntrainementWorkout
3%

Score Distribution

Percentile by Number Answered

Percent of People with Each Score

Your Score History

You have not taken this quiz